Medalla de la Raza /

में बचाया:
ग्रंथसूची विवरण
स्वरूप: पुस्तक
भाषा:स्पेनिश
प्रकाशित: México : Patronato de Acuñación de la Medalla de la Raza, 1963
टैग: टैग जोड़ें
कोई टैग नहीं, इस रिकॉर्ड को टैग करने वाले पहले व्यक्ति बनें!

MARC

LEADER 00000nam^a2200000^a^4500
001 000421440
005 20250526000000.0
009 20260310122537.145
037 |a Acervo ITESO - Biblioteca 
041 |a ESP 
091 |a FHM. 00127 
245 0 0 |a Medalla de la Raza / 
264 1 |a México :  |b Patronato de Acuñación de la Medalla de la Raza,  |c 1963 
300 |a XV p. ;  |c 23.0 cm. 
336 |a texto  |b txt  |2 rdacontenido 
337 |a sin mediación  |b n  |2 rdamedio 
338 |a volumen  |b nc  |2 rdasoporte 
649 |a XX 
910 |a Fondo Hugo B. Margáin 
920 |a Impresos - Libros 
930 |a Libros Antiguos y Raros 
905 |a 126 
901 |a 0500308937  |b IT2  |c LRA  |i D117524  |u 20250526 
901 |a 0500308931  |b IT2  |c LRA  |i D117525  |u 20250526 
901 |a 0500315614  |b IT2  |c LRA  |i D107148  |u 20250526 
902 |a https://opac.biblio.iteso.mx/vufind/Record/000421440